Siatkówka quiz #1 - Jak nazywa się ten siatkarz? [poziom łatwy] - Statystyki

Ogólne statystyki
  • Ten quiz został rozwiązany 1 082 razy
  • Średni wynik to 11 z 16
Statystyki odpowiedzi
Obrazkowy Odpowiedź % Poprawnych
Bartosz Kurek
99%
Wilfredo Leon
98%
Karol Kłos
94%
Jakub Kochanowski
92%
Kamil Semeniuk
89%
Norbert Huber
86%
Łukasz Kaczmarek
85%
Michał Kubiak
83%
Michał Winiarski
76%
Stéphane Antiga
57%
Marcin Możdżonek
54%
Sebastian Świderski
42%
Krzysztof Ignaczak
40%
Giba
25%
Milad Ebadipur
25%
Earvin N'Gapeth
22%
Nie znaleziono quizów pasujących do podanych kryteriów
Rozkład punktacji
Procent ludzi z każdym wynikiem
Percentyl według liczby udzielonych odpowiedzi
Twoja historia wyników
Nie rozwiązałeś tego quizu